| 000 | 00410nam a2200145Ia 4500 | ||
|---|---|---|---|
| 008 | 230312s9999||||xx |||||||||||||| ||und|| | ||
| 082 |
_a005.74 _bWHI |
||
| 100 | _aC.A. Whitehead | ||
| 245 | 0 | _aBSc and Diploma in Computing and Information Systems | |
| 260 |
_bGoldsmiths _aLondon _c2004 |
||
| 300 | _a100 | ||
| 546 | _aEng. | ||
| 650 |
_aComputer _vNumbers Systems , Sets and Binary Operations |
||
| 942 | _cBK | ||
| 999 |
_c2858 _d2858 |
||